000 00323nam a2200133Ia 4500
005 20260328104308.0
008 260328s9999||||xx |||||||||||||| ||und||
100 _aBroto, Carles
245 0 _aOficinas Innovación y Diseño /
_cCarles Broto
260 _bLinks
300 _a294 p.
650 _aFOTOGRAFÍA
942 _cBK
999 _c10863
_d10863